000 00677nam a2200229Ia 4500
003 OSt
005 20220927104410.0
006 a|||||r|||| 00| 0
007 ta
008 220926b |||||||| |||| 00| 0 eng d
024 _a147851
037 _cReference Collections
040 _aRTL
_cRTL
_beng
041 _2eng
_aeng
082 _a"X9(J)n2,N, K1/GD"
110 _aINDIA COUNCIL OF AGRICULTURAL RESEARCH (New Delhi)
_9365425
245 0 _aAnnual technical report 1960-61
260 _c1960
700 _aINDIA COUNCIL OF AGRICULTURAL RESEARCH (New Delhi)
_9365426
942 _h"X9(J)n2,N, K1/GD"
_cCC
999 _c687109
_d687109